LEADER 01032nam a2200241 u 4500 001 000000118869 003 CaOOAMICUS 005 20091217105448.0 008 091217s1978 be u000 u fre r 040 $aPUL$bita$dMCT 100 1 $aVogel, Cyrille,$d1919-1982.$0(OLS)http://pul/name/14241 245 15$aLes "Libri paenitentiales" /$cpar Cyrille Vogel. 260 $aTurnhout :$bBrepols,$c1978. 300 $a115 p. ;$c24 cm 490 1 $aTypologie des sources du Moyen Âge Occidental ;$vFasc. 27 504 $aBibliografia pp. [17]-27. 650 4$aLibri penitenziali.$0(OLS)http://pul/subject/10599 830 0$aTypologie des sources du Moyen Âge Occidental ;$vFasc. 27.$0(OLS)http://pul/title/745 850 $aPUL 852 $aPUL$W1$xSL Cons. Gen., Altre Classi 1$y1$m2022 A 27$j136419$qStampati$B135394$CPULBib$Z2$F135394 $H46113 $82 941 1 $a8 996 $6245$aLes "Libri paenitentiales"$9(OLS)http://pul/title/149606 996 $6260$aTurnhout :$bBrepols$9(OLS)http://pul/publisher/47850 LEADER 01443nam a2200313 a 4500 001 000000159277 003 CaOOAMICUS 005 20170307101054.0 008 170307s2016 vc aofc u000 u ita r 020 $a978-88-209-9944-5* 032 $aLibriCat 040 $aPUL$bita 082 04$a232.91 245 03$aLa Madonna del Pianto di Foligno :$bIII centenario dell'incoronazione /$ca cura di Giuseppe Bertini, Enrico Presilla, Luigi Sensi. 260 $aCittà del Vaticano :$bLibreria editrice vaticana,$c©2016. 300 $aXXVIII, 779, [18] c. di tav. :$bill., ritr., foto. ;$c24 cm. 504 $aBibliografia in nota. 650 4$aMariologia$xStoria.$0(OLS)http://pul/subject/35079 700 1 $aBertini, Giuseppe.$0(OLS)http://pul/name/101809 700 1 $aSensi, Luigi.$0(OLS)http://pul/name/85378 700 1 $aPresilla, Enrico.$0(OLS)http://pul/name/101808 850 $aPUL 852 $aPUL$W1$xDP2 Religione 3$y114$m232. 91 BERGI 1$j182583$qDDC 21$B185790$CPULBib$Z2$F185790 $H129021 $81 941 1 $a9 996 $6020$a978-88-209-9944-5*$9(OLS)http://pul/number/162158 996 $6082$a232.91$9(OLS)http://pul/classification/543 996 $6245$aLa Madonna del Pianto di Foligno :$bIII centenario dell'incoronazione$9(OLS)http://pul/title/198895 996 $6260$aCittà del Vaticano :$bLibreria editrice vaticana$9(OLS)http://pul/publisher/47920